000 00827nam a2200277 c 4500
003 BLK
005 20180420221923.0
008 180408b bul|||||r ||||||| ||bul||
010 _aKNG00052445000
020 _a3-462-013343
_bиздат.: Kiepenheuer Witsch
040 _aBLK
041 _aDEU
_cDEU
080 _aНемска литература
_b821.112.2
_x-31
_z821.112.2-31
100 1 _aBoll, Heinrich
_eпърви автор
_95637
139 _aBoll, Heinrich
_bB 74
245 1 0 _aHaus ohne Huter
_bRoman
_cHeinrich Boll.
257 _aDEU
260 Koln
_bKiepenheuer Witsch
_cS. a.
300 _a324 c
_c21 cm
380 _aX
852 _aЦб 187939
856 4 _qpdf
_u
856 4 _qpdf
_u
942 _cKNG
_n0
944 _aCR
_c24.11.2005
_kТеодора_Стоянова
944 _aED
_c03.02.2017
_kЛили_Борисова
999 _c48627
_d48627